000 01090cam a2200325 a 4500
001 4189
003 FISKH
005 20240626112946.0
008 821207s1982 nyua j 000 0 eng
010 _a 82080872
020 _a0448018225 :
040 _aDLC
_cDLC
_dDLC
_beng
050 _aQL706.H44
082 _a599
100 1 _aHeller, Ruth,
_d1924-
245 1 0 _aAnimals born alive and well /
_cby Ruth Heller.
250 _aFirst Scholastic printing, October 1987
260 _aNew York :
_bScholastic,
_c1982.
300 _a44 unnumbered pages :
_bcolor illustrations ;
_c21 cm
500 _aIll. on lining papers.
505 _aM
520 _aText and illustrations introduce animals with fur or hair who nurse their young, breathe fresh air, and except for two species give birth to their young alive instead of laying eggs.
521 8 _a540
_bLexile AD
521 8 _aM
_bRaz-Plus
650 0 _aMammals
_xJuvenile literature.
650 1 _aMammals.
906 _a7
_bcbc
_corignew
_d2
_eopcn
_f19
_gy-gencatlg
942 _2ddc
_cBK
_n0
999 _c4189
_d4189